000 00751nam a2200241Ia 4500
003 OSt
005 20220923223450.0
006 a|||||r|||| 00| 0
007 ta
008 220922b |||||||| |||| 00| 0 hin d
024 _a216,792
037 _cTextual
040 _aARTS
_cARTS
_bhin
041 _2hin
_ahin
082 _aV2:2:(Y), 152N2
100 _aजाटव, डी आर
_9159218
245 0 _aभारतीय समाज एवं संविधान
246 _aBhāratīya samāj evan sanvidhāna
260 _aजयपुर
_b समता साहित्य सदन
_c1989
300 _a98i`
_ccm.
942 _hV2:2:(Y), 152N2
_cTEXL
_2CC
999 _c365509
_d365509